[Event "XVII Open Internacional Villa de Ibi"]
[Site "Ibi, Spain"]
[Date "2019.09.08"]
[Round "6.5"]
[White "Ribera Cebolla, Marc"]
[Black "Rubio Tent, Francisco"]
[Result "0-1"]
[WhiteElo "2136"]
[BlackElo "2346"]
[PlyCount "106"]
[EventDate "2019.??.??"]

1. b3 {[%clk 00:15:02]} 1... e5 {[%clk 00:15:00]  [%emt 00:00:05]} 2. Bb2 {
[%clk 00:14:58]  [%emt 00:00:04]} 2... Nc6 {[%clk 00:15:01]} 3. c4 {
[%clk 00:14:51]  [%emt 00:00:10]} 3... Nf6 {[%clk 00:14:50]  [%emt 00:00:11]}
4. d3 {[%clk 00:14:45]  [%emt 00:00:09]} 4... d5 {
[%clk 00:14:34]  [%emt 00:00:19]} 5. cxd5 {[%clk 00:14:45]  [%emt 00:00:06]}
5... Nxd5 {[%clk 00:14:34]} 6. a3 {[%clk 00:14:35]  [%emt 00:00:09]} 6... Bd6 {
[%clk 00:14:22]  [%emt 00:00:13]} 7. Nf3 {[%clk 00:14:25]  [%emt 00:00:12]}
7... O-O {[%clk 00:14:22]  [%emt 00:00:06]} 8. e3 {
[%clk 00:14:21]  [%emt 00:00:06]} 8... Be6 {[%clk 00:13:56]  [%emt 00:00:27]}
9. Nbd2 {[%clk 00:14:19]  [%emt 00:00:05]} 9... f6 {
[%clk 00:13:12]  [%emt 00:00:44]} 10. Be2 {[%clk 00:14:12]  [%emt 00:00:08]}
10... Qe8 {[%clk 00:13:04]  [%emt 00:00:11]} 11. O-O {
[%clk 00:13:24]  [%emt 00:00:48]} 11... Qg6 {[%clk 00:12:59]  [%emt 00:00:08]}
12. Re1 {[%clk 00:13:22]  [%emt 00:00:04]} 12... Rad8 {
[%clk 00:12:07]  [%emt 00:00:53]} 13. Bf1 {[%clk 00:13:08]  [%emt 00:00:21]}
13... f5 {[%clk 00:11:34]  [%emt 00:00:34]} 14. g3 {
[%clk 00:12:08]  [%emt 00:01:02]} 14... e4 {[%clk 00:09:05]  [%emt 00:02:28]}
15. Nd4 {[%clk 00:11:34]  [%emt 00:00:39]} 15... Nxd4 {[%emt 00:00:44]} 16.
Bxd4 {[%clk 00:11:29]  [%emt 00:00:05]} 16... Nf6 {
[%clk 00:07:05]  [%emt 00:01:23]} 17. Qc2 {[%clk 00:10:53]  [%emt 00:00:43]}
17... Bd5 {[%clk 00:06:23]  [%emt 00:00:40]} 18. Bg2 {
[%clk 00:08:37]  [%emt 00:02:14]} 18... Rde8 {[%clk 00:05:56]  [%emt 00:00:29]}
19. b4 {[%clk 00:07:59]  [%emt 00:00:56]} 19... c6 {
[%clk 00:05:30]  [%emt 00:00:12]} 20. Bxa7 {[%clk 00:07:32]  [%emt 00:00:28]}
20... Ng4 {[%clk 00:04:59]  [%emt 00:00:36]} 21. Bc5 {
[%clk 00:06:57]  [%emt 00:00:35]} 21... Kh8 {[%clk 00:02:22]  [%emt 00:02:40]}
22. h3 {[%clk 00:05:09]  [%emt 00:01:48]} 22... Ne5 {
[%clk 00:00:55]  [%emt 00:01:34]} 23. Bxd6 {[%clk 00:04:49]  [%emt 00:00:21]}
23... exd3 {[%clk 00:00:33]  [%emt 00:00:21]} 24. Qc5 {
[%clk 00:04:34]  [%emt 00:00:16]} 24... b6 {[%clk 00:00:22]  [%emt 00:00:12]}
25. Qxb6 {[%clk 00:03:49]  [%emt 00:00:53]} 25... Qxd6 {[%clk 00:00:23]} 26.
Qd4 {[%clk 00:03:46]  [%emt 00:00:05]} 26... Qh6 {
[%clk 00:00:11]  [%emt 00:00:10]} 27. Qf4 {[%clk 00:03:26]  [%emt 00:00:22]}
27... Qf6 {[%clk 00:00:07]  [%emt 00:00:10]} 28. Bxd5 cxd5 {[%clk 00:00:09]}
29. Rec1 {[%clk 00:03:13]  [%emt 00:00:08]} 29... Rc8 {
[%clk 00:00:07]  [%emt 00:00:09]} 30. Kg2 {[%clk 00:03:09]  [%emt 00:00:04]}
30... Nc4 {[%clk 00:00:07]  [%emt 00:00:04]} 31. Ra2 {
[%clk 00:01:22]  [%emt 00:01:44]} 31... Nxd2 {[%clk 00:00:07]  [%emt 00:00:05]}
32. Rxc8 {[%clk 00:01:20]  [%emt 00:00:04]} 32... Rxc8 {
[%clk 00:00:06]  [%emt 00:00:05]} 33. Rxd2 {[%clk 00:01:18]} 33... Qc3 {
[%clk 00:00:07]} 34. Qxf5 {[%clk 00:01:11]  [%emt 00:00:09]} 34... Ra8 {
[%clk 00:00:04]  [%emt 00:00:06]} 35. Qxd3 {[%clk 00:01:11]  [%emt 00:00:05]}
35... Qc7 {[%clk 00:00:03]  [%emt 00:00:05]} 36. Qxd5 {[%clk 00:01:11]} 36...
Rf8 {[%clk 00:00:04]} 37. Qd6 {[%clk 00:01:06]  [%emt 00:00:07]} 37... Qf7 {
[%clk 00:00:05]} 38. b5 {[%clk 00:01:02]  [%emt 00:00:07]} 38... h6 {
[%clk 00:00:05]  [%emt 00:00:09]} 39. b6 {[%clk 00:01:02]} 39... Qf3+ {
[%clk 00:00:06]} 40. Kh2 {[%clk 00:01:01]} 40... Rc8 {
[%clk 00:00:04]  [%emt 00:00:05]} 41. b7 {[%clk 00:00:55]  [%emt 00:00:04]}
41... Qxb7 {[%clk 00:00:05]  [%emt 00:00:09]} 42. Qd7 {
[%clk 00:00:37]  [%emt 00:00:11]} 42... Qa6 {[%clk 00:00:05]  [%emt 00:00:05]}
43. Qf7 {[%clk 00:00:30]  [%emt 00:00:14]} 43... Qxa3 {[%clk 00:00:04]} 44. Rd7
{[%emt 00:00:13]} 44... Qb2 45. h4 {[%clk 00:00:10]  [%emt 00:00:06]} 45... Qa1
{[%clk 00:00:06]} 46. g4 {[%clk 00:00:11]  [%emt 00:00:33]} 46... Qe5+ {
[%clk 00:00:07]} 47. Kg2 {[%clk 00:00:11]} 47... Qb2 {[%clk 00:00:07]} 48. g5 {
[%clk 00:00:12]} 48... Qe5 {[%clk 00:00:04]  [%emt 00:00:13]} 49. gxh6 {
[%clk 00:00:11]} 49... Qe4+ {[%clk 00:00:06]} 50. Kh3 {
[%clk 00:00:07]  [%emt 00:00:08]} 50... Qh1+ {[%clk 00:00:06]} 51. Kg4 {
[%clk 00:00:08]} 51... Qg2+ {[%clk 00:00:07]} 52. Kh5 {[%clk 00:00:07]} 52...
Rc5+ {[%clk 00:00:09]} 53. Rd5 {[%clk 00:00:08]  [%emt 00:00:41]} 53... Rxd5+
0-1

[Event "XVII Open Internacional Villa de Ibi"]
[Site "Ibi, Spain"]
[Date "2019.09.08"]
[Round "6.6"]
[White "Martinez Tormo, Jorge"]
[Black "Ibanez Aullana, Ramon"]
[Result "0-1"]
[WhiteElo "2119"]
[BlackElo "2328"]
[PlyCount "76"]
[EventDate "2019.??.??"]

1. e4 {[%clk 00:15:03]  [%emt 00:00:04]} 1... g6 {
[%clk 00:15:01]  [%emt 00:00:03]} 2. d4 {[%clk 00:15:04]} 2... Bg7 {
[%clk 00:15:02]} 3. Nc3 {[%clk 00:15:05]} 3... a6 {
[%clk 00:15:03]  [%emt 00:00:03]} 4. Be3 {[%clk 00:15:06]} 4... d6 {
[%clk 00:15:04]  [%emt 00:00:10]} 5. Qd2 {[%clk 00:15:05]} 5... b5 {
[%clk 00:15:05]  [%emt 00:00:04]} 6. f3 {[%clk 00:15:00]} 6... Nd7 {
[%clk 00:14:52]  [%emt 00:00:10]} 7. g4 {[%clk 00:14:47]  [%emt 00:00:17]} 7...
Bb7 {[%clk 00:14:48]  [%emt 00:00:11]} 8. Nge2 {
[%clk 00:14:46]  [%emt 00:00:09]} 8... h5 {[%clk 00:14:39]} 9. g5 {
[%clk 00:14:30]  [%emt 00:00:16]} 9... Nb6 {[%clk 00:14:32]  [%emt 00:00:27]}
10. Nc1 {[%clk 00:14:15]} 10... e5 {[%clk 00:14:10]  [%emt 00:00:23]} 11. d5 {
[%clk 00:14:02]  [%emt 00:00:15]} 11... c6 {[%clk 00:13:46]  [%emt 00:00:40]}
12. Nb3 {[%clk 00:13:19]  [%emt 00:00:38]} 12... cxd5 {
[%clk 00:13:34]  [%emt 00:00:09]} 13. Nxd5 {[%clk 00:12:23]  [%emt 00:01:02]}
13... Nxd5 {[%clk 00:12:51]  [%emt 00:00:39]} 14. exd5 {
[%clk 00:12:22]  [%emt 00:00:06]} 14... Ne7 {[%clk 00:12:52]} 15. c4 {
[%clk 00:12:19]  [%emt 00:00:10]} 15... O-O {[%clk 00:11:58]  [%emt 00:00:48]}
16. Na5 {[%clk 00:12:12]  [%emt 00:00:37]} 16... Bc8 {
[%clk 00:11:28]  [%emt 00:00:04]} 17. Rc1 {[%clk 00:11:27]  [%emt 00:01:02]}
17... Bd7 {[%clk 00:10:26]  [%emt 00:00:50]} 18. b4 {
[%clk 00:10:17]  [%emt 00:01:12]} 18... bxc4 {[%clk 00:09:44]  [%emt 00:00:45]}
19. Bxc4 {[%clk 00:09:58]  [%emt 00:00:32]} 19... Nf5 {
[%clk 00:09:34]  [%emt 00:00:06]} 20. Bf2 {[%clk 00:09:41]  [%emt 00:00:13]}
20... Kh7 {[%clk 00:09:30]  [%emt 00:00:10]} 21. Nc6 {
[%clk 00:08:44]  [%emt 00:01:05]} 21... Qe8 {[%clk 00:08:18]  [%emt 00:01:06]}
22. Bd3 {[%clk 00:08:33]  [%emt 00:00:11]} 22... Nd4 {
[%clk 00:08:13]  [%emt 00:00:28]} 23. Nxd4 {[%clk 00:08:20]} 23... exd4+ {
[%clk 00:08:13]} 24. Be4 {[%clk 00:08:21]} 24... f5 {
[%clk 00:06:18]  [%emt 00:01:53]} 25. O-O {[%clk 00:06:11]  [%emt 00:02:11]}
25... fxe4 {[%clk 00:06:17]  [%emt 00:00:46]} 26. Bxd4 {[%clk 00:06:09]} 26...
exf3 {[%clk 00:05:33]  [%emt 00:00:12]} 27. Bxg7 {
[%clk 00:05:41]  [%emt 00:00:25]} 27... Kxg7 {[%clk 00:05:34]  [%emt 00:00:06]}
28. Rce1 {[%clk 00:05:30]  [%emt 00:00:11]} 28... Qf7 {
[%clk 00:05:25]  [%emt 00:00:14]} 29. Qd4+ {[%clk 00:05:05]  [%emt 00:00:21]}
29... Kg8 {[%clk 00:05:13]  [%emt 00:00:15]} 30. Rf2 {
[%clk 00:04:57]  [%emt 00:00:50]} 30... Qf4 {[%clk 00:04:56]} 31. Qxf4 {
[%clk 00:04:30]  [%emt 00:00:11]} 31... Rxf4 {[%clk 00:04:57]} 32. Re7 {
[%clk 00:04:31]} 32... Rc8 {[%clk 00:04:06]  [%emt 00:00:52]} 33. h3 {
[%clk 00:03:34]  [%emt 00:00:58]} 33... Bxh3 {[%clk 00:04:01]  [%emt 00:00:13]}
34. Kh2 {[%clk 00:03:35]} 34... Bg2 {[%clk 00:03:22]  [%emt 00:00:37]} 35. Re6
{[%clk 00:03:28]  [%emt 00:00:28]} 35... Rc1 {[%clk 00:03:03]  [%emt 00:00:04]}
36. Rxg6+ {[%clk 00:02:16]  [%emt 00:01:48]} 36... Kh7 {[%clk 00:02:55]} 37.
Rh6+ {[%clk 00:02:14]  [%emt 00:00:04]} 37... Kg7 {[%clk 00:02:57]} 38. Rxh5 {
[%clk 00:02:11]} 38... Rg4 {[%clk 00:02:58]} 0-1

[Event "XVII Open Internacional Villa de Ibi"]
[Site "Ibi, Spain"]
[Date "2019.09.08"]
[Round "6.7"]
[White "Campos Gambuti, Luis Maria"]
[Black "Galiana Fernandez, Adrian"]
[Result "1-0"]
[WhiteElo "2373"]
[BlackElo "2273"]
[PlyCount "49"]
[EventDate "2019.??.??"]

1. Nf3 {[%clk 00:15:03]  [%emt 00:00:03]} 1... Nf6 {
[%clk 00:15:02]  [%emt 00:00:04]} 2. g3 {[%clk 00:15:03]} 2... g6 {
[%clk 00:14:57]  [%emt 00:00:07]} 3. Bg2 {[%clk 00:15:03]  [%emt 00:00:17]}
3... Bg7 {[%clk 00:14:58]} 4. O-O {[%clk 00:15:01]} 4... O-O {[%clk 00:14:56]}
5. d4 {[%clk 00:15:01]} 5... d5 {[%clk 00:14:57]} 6. c3 {
[%clk 00:14:55]  [%emt 00:00:03]} 6... Bf5 {[%clk 00:14:52]  [%emt 00:00:35]}
7. Qb3 {[%clk 00:14:53]} 7... Qc8 {[%clk 00:14:53]} 8. c4 {
[%clk 00:14:34]  [%emt 00:00:22]} 8... dxc4 {[%clk 00:14:52]} 9. Qxc4 {
[%clk 00:14:34]} 9... Nbd7 {[%clk 00:14:40]} 10. Bf4 {
[%clk 00:14:12]  [%emt 00:00:38]} 10... c5 {[%clk 00:14:32]} 11. Nbd2 {
[%clk 00:13:41]  [%emt 00:00:23]} 11... a6 {[%clk 00:13:28]  [%emt 00:01:06]}
12. dxc5 {[%clk 00:13:26]  [%emt 00:00:18]} 12... Qxc5 {
[%clk 00:13:28]  [%emt 00:00:03]} 13. Qxc5 {[%clk 00:13:16]  [%emt 00:00:14]}
13... Nxc5 {[%clk 00:13:28]  [%emt 00:00:08]} 14. Rac1 {[%clk 00:13:17]} 14...
Nfe4 {[%clk 00:13:17]  [%emt 00:00:07]} 15. Nxe4 {
[%clk 00:13:01]  [%emt 00:00:17]} 15... Nxe4 {[%clk 00:13:17]  [%emt 00:00:04]}
16. Be5 {[%clk 00:13:02]} 16... f6 {[%clk 00:12:34]  [%emt 00:00:42]} 17. Bc7 {
[%clk 00:12:39]  [%emt 00:00:45]} 17... Bh6 {[%clk 00:11:43]  [%emt 00:00:33]}
18. e3 {[%clk 00:12:32]  [%emt 00:00:12]} 18... Rac8 {
[%clk 00:10:41]  [%emt 00:01:01]} 19. Nh4 {[%clk 00:12:19]  [%emt 00:00:15]}
19... b5 {[%clk 00:10:34]  [%emt 00:00:19]} 20. g4 {[%clk 00:12:14]} 20... Nd2
{[%clk 00:09:59]  [%emt 00:00:36]} 21. gxf5 {[%clk 00:12:10]  [%emt 00:00:05]}
21... Nxf1 {[%clk 00:09:57]  [%emt 00:00:11]} 22. Bd5+ {[%clk 00:12:06]} 22...
Kg7 {[%clk 00:09:55]  [%emt 00:00:04]} 23. Kxf1 {
[%clk 00:12:05]  [%emt 00:00:07]} 23... e5 {[%clk 00:08:34]  [%emt 00:01:17]}
24. fxe6 {[%clk 00:11:46]  [%emt 00:00:21]} 24... f5 {
[%clk 00:08:03]  [%emt 00:00:37]} 25. Be5+ {[%clk 00:11:28]  [%emt 00:00:26]}
1-0

[Event "XVII Open Internacional Villa de Ibi"]
[Site "Ibi, Spain"]
[Date "2019.09.08"]
[Round "6.8"]
[White "Pedros Viudes, Enrique"]
[Black "Diaz Velandia, Jose Manuel"]
[Result "0-1"]
[WhiteElo "2113"]
[BlackElo "2372"]
[PlyCount "89"]
[EventDate "2019.??.??"]

1. e4 {[%clk 00:15:02]  [%emt 00:00:16]} 1... c6 {[%clk 00:15:03]} 2. d4 {
[%clk 00:15:02]} 2... d5 {[%clk 00:15:04]} 3. Nc3 {[%clk 00:15:02]} 3... dxe4 {
[%clk 00:15:05]} 4. Nxe4 {[%clk 00:15:03]} 4... Nf6 {[%clk 00:15:05]} 5. Nxf6+
{[%clk 00:15:04]} 5... exf6 {[%clk 00:15:06]} 6. c3 {[%clk 00:15:01]} 6... Bd6
{[%clk 00:15:06]} 7. Bd3 {[%clk 00:15:02]} 7... O-O {[%clk 00:15:06]} 8. Ne2 {
[%clk 00:15:00]} 8... Re8 {[%clk 00:15:01]} 9. Qc2 {[%clk 00:14:59]} 9... h6 {
[%clk 00:14:58]  [%emt 00:00:15]} 10. Be3 {[%clk 00:14:49]} 10... Be6 {
[%clk 00:14:57]  [%emt 00:00:04]} 11. O-O-O {[%clk 00:14:20]  [%emt 00:00:37]}
11... b5 {[%clk 00:14:46]  [%emt 00:00:04]} 12. Nf4 {
[%clk 00:13:34]  [%emt 00:01:05]} 12... Bxf4 {[%clk 00:14:39]} 13. Bxf4 {
[%clk 00:13:35]} 13... Bd5 {[%clk 00:14:34]  [%emt 00:00:07]} 14. f3 {
[%clk 00:12:18]  [%emt 00:01:13]} 14... Nd7 {[%clk 00:14:33]} 15. h4 {
[%clk 00:11:27]  [%emt 00:00:52]} 15... a5 {[%clk 00:14:33]  [%emt 00:00:04]}
16. Qd2 {[%clk 00:09:41]  [%emt 00:01:49]} 16... Bxa2 {
[%clk 00:11:28]  [%emt 00:03:02]} 17. Bxh6 {[%clk 00:08:57]  [%emt 00:00:46]}
17... Bc4 {[%clk 00:11:23]  [%emt 00:00:29]} 18. Bxc4 {
[%clk 00:07:46]  [%emt 00:00:51]} 18... bxc4 {[%clk 00:11:24]  [%emt 00:00:09]}
19. Bf4 {[%clk 00:07:38]  [%emt 00:00:39]} 19... Nb6 {
[%clk 00:10:29]  [%emt 00:00:20]} 20. Rde1 {[%clk 00:06:27]  [%emt 00:01:30]}
20... Nd5 {[%clk 00:10:07]  [%emt 00:00:06]} 21. Rxe8+ {
[%clk 00:06:09]  [%emt 00:00:20]} 21... Qxe8 {[%clk 00:10:08]  [%emt 00:00:06]}
22. Bd6 {[%clk 00:06:10]} 22... Qe6 {[%clk 00:09:52]  [%emt 00:00:14]} 23. Ba3
{[%clk 00:05:41]  [%emt 00:00:31]} 23... Re8 {[%clk 00:09:52]  [%emt 00:00:13]}
24. h5 {[%clk 00:05:15]  [%emt 00:00:29]} 24... Kh8 {
[%clk 00:08:46]  [%emt 00:01:04]} 25. h6 {[%clk 00:04:56]  [%emt 00:00:20]}
25... g5 {[%clk 00:08:45]} 26. g3 {[%clk 00:04:28]  [%emt 00:00:30]} 26... Qe2
{[%clk 00:08:24]  [%emt 00:00:21]} 27. Qxe2 {[%clk 00:03:43]  [%emt 00:00:47]}
27... Rxe2 {[%clk 00:08:24]  [%emt 00:00:30]} 28. h7 {[%clk 00:03:40]} 28...
Re8 {[%clk 00:07:56]  [%emt 00:00:30]} 29. Kd2 {
[%clk 00:03:32]  [%emt 00:00:03]} 29... Kg7 {[%clk 00:07:56]} 30. Bd6 {
[%clk 00:02:30]  [%emt 00:00:50]} 30... Rh8 {[%clk 00:07:42]  [%emt 00:00:15]}
31. f4 {[%clk 00:01:41]  [%emt 00:00:52]} 31... Rxh7 {
[%clk 00:07:30]  [%emt 00:00:37]} 32. Rxh7+ {[%clk 00:01:35]} 32... Kxh7 {
[%clk 00:07:31]} 33. Ke2 {[%clk 00:01:21]  [%emt 00:00:03]} 33... Kg6 {
[%clk 00:07:25]  [%emt 00:00:05]} 34. Kf3 {[%clk 00:01:12]  [%emt 00:00:15]}
34... Kf5 {[%clk 00:06:54]  [%emt 00:00:33]} 35. g4+ {
[%clk 00:00:47]  [%emt 00:00:25]} 35... Ke6 {[%clk 00:06:55]  [%emt 00:00:32]}
36. Bb8 {[%clk 00:00:47]} 36... a4 {[%clk 00:06:25]  [%emt 00:00:05]} 37. f5+ {
[%clk 00:00:45]  [%emt 00:00:08]} 37... Kd7 {[%clk 00:06:26]} 38. Bg3 {
[%clk 00:00:36]  [%emt 00:00:05]} 38... Nxc3 {[%clk 00:06:15]  [%emt 00:00:17]}
39. Be1 {[%clk 00:00:29]  [%emt 00:00:09]} 39... Nd5 {
[%clk 00:06:04]  [%emt 00:00:12]} 40. Bd2 {[%clk 00:00:20]  [%emt 00:00:08]}
40... Kc7 {[%clk 00:05:59]  [%emt 00:00:36]} 41. Ke2 {[%clk 00:00:19]} 41...
Kd6 {[%clk 00:05:43]} 42. Bc1 {[%clk 00:00:14]  [%emt 00:00:31]} 42... Nc7 {
[%clk 00:05:28]} 43. Kd2 {[%clk 00:00:04]} 43... Nb5 {
[%clk 00:05:29]  [%emt 00:00:03]} 44. Ke3 {[%clk 00:00:03]  [%emt 00:00:04]}
44... Kd5 {[%clk 00:05:30]} 45. Bd2 {[%emt 00:00:09]} 0-1

[Event "XVII Open Internacional Villa de Ibi"]
[Site "Ibi, Spain"]
[Date "2019.09.08"]
[Round "7.1"]
[White "Giaccio, Alfredo"]
[Black "Valmana Canto, Jaime"]
[Result "1-0"]
[WhiteElo "2420"]
[BlackElo "2416"]
[PlyCount "49"]
[EventDate "2019.??.??"]

1. e4 {[%clk 00:15:01]  [%emt 00:00:08]} 1... c5 {
[%clk 00:15:03]  [%emt 00:00:04]} 2. Nf3 {[%clk 00:15:01]} 2... Nc6 {
[%clk 00:15:03]  [%emt 00:00:04]} 3. d4 {[%clk 00:15:00]} 3... cxd4 {
[%clk 00:15:03]  [%emt 00:00:04]} 4. Nxd4 {[%clk 00:15:01]} 4... Nf6 {
[%clk 00:15:04]} 5. Nc3 {[%clk 00:15:00]  [%emt 00:00:04]} 5... e5 {
[%clk 00:15:04]} 6. Ndb5 {[%clk 00:15:00]  [%emt 00:00:03]} 6... d6 {
[%clk 00:15:05]} 7. Nd5 {[%clk 00:15:00]  [%emt 00:00:03]} 7... Nxd5 {
[%clk 00:15:05]} 8. exd5 {[%clk 00:15:01]  [%emt 00:00:04]} 8... Ne7 {
[%clk 00:15:05]} 9. c4 {[%clk 00:14:56]  [%emt 00:00:22]} 9... Ng6 {
[%clk 00:15:05]} 10. Be2 {[%clk 00:14:56]} 10... Be7 {[%clk 00:15:04]} 11. O-O
{[%clk 00:14:52]} 11... O-O {[%clk 00:15:03]} 12. Rb1 {
[%clk 00:14:40]  [%emt 00:00:12]} 12... f5 {[%clk 00:14:56]  [%emt 00:00:10]}
13. b4 {[%clk 00:14:40]  [%emt 00:00:07]} 13... Bf6 {
[%clk 00:14:00]  [%emt 00:00:51]} 14. c5 {[%clk 00:14:22]  [%emt 00:00:22]}
14... Be7 {[%clk 00:13:42]  [%emt 00:00:38]} 15. Be3 {
[%clk 00:13:08]  [%emt 00:00:55]} 15... f4 {[%clk 00:11:38]  [%emt 00:02:27]}
16. cxd6 {[%clk 00:13:08]  [%emt 00:00:04]} 16... Bh4 {[%clk 00:11:31]} 17. Bc5
{[%clk 00:12:29]  [%emt 00:00:27]} 17... b6 {[%clk 00:10:18]  [%emt 00:01:18]}
18. d7 {[%clk 00:12:29]  [%emt 00:00:09]} 18... Bxd7 {[%clk 00:10:18]} 19. Bxf8
{[%clk 00:12:28]} 19... Bxb5 {[%clk 00:10:19]} 20. Bxb5 {
[%clk 00:12:23]  [%emt 00:00:10]} 20... Qxf8 {[%clk 00:10:17]} 21. Bd3 {
[%clk 00:11:42]  [%emt 00:00:41]} 21... Be7 {[%clk 00:08:59]  [%emt 00:01:22]}
22. Qg4 {[%clk 00:10:53]  [%emt 00:00:57]} 22... Bxb4 {
[%clk 00:08:32]  [%emt 00:00:20]} 23. Bxg6 {[%clk 00:10:33]  [%emt 00:00:26]}
23... hxg6 {[%clk 00:08:32]} 24. Qe6+ {[%clk 00:10:21]  [%emt 00:00:14]} 24...
Qf7 {[%clk 00:08:24]  [%emt 00:00:17]} 25. Qxf7+ {[%emt 00:00:05]} 1-0

[Event "XVII Open Internacional Villa de Ibi"]
[Site "Ibi, Spain"]
[Date "2019.09.08"]
[Round "7.2"]
[White "Rubio Tent, Francisco"]
[Black "Granero Roca, Antonio"]
[Result "0-1"]
[WhiteElo "2346"]
[BlackElo "2354"]
[PlyCount "66"]
[EventDate "2019.??.??"]

1. e4 {[%clk 00:15:00]} 1... c5 {[%clk 00:15:02]  [%emt 00:00:04]} 2. Nf3 {
[%clk 00:14:59]} 2... Nc6 {[%clk 00:15:02]} 3. d4 {[%clk 00:14:59]} 3... cxd4 {
[%clk 00:15:03]} 4. Nxd4 {[%clk 00:15:01]} 4... g6 {[%clk 00:15:03]} 5. Be2 {
[%clk 00:14:50]  [%emt 00:00:11]} 5... Bg7 {[%clk 00:14:56]} 6. Nb3 {
[%clk 00:14:51]} 6... d6 {[%clk 00:14:56]  [%emt 00:00:06]} 7. O-O {
[%clk 00:14:48]} 7... Nf6 {[%clk 00:14:56]} 8. Nc3 {[%clk 00:14:48]} 8... O-O {
[%clk 00:14:56]  [%emt 00:00:15]} 9. Re1 {[%clk 00:14:48]} 9... Be6 {
[%clk 00:14:48]  [%emt 00:00:03]} 10. Bg5 {[%clk 00:14:48]} 10... a6 {
[%clk 00:14:46]  [%emt 00:00:20]} 11. Qd2 {[%clk 00:14:37]  [%emt 00:00:07]}
11... Rc8 {[%clk 00:14:45]} 12. Bf1 {[%clk 00:13:19]  [%emt 00:01:17]} 12...
Ne5 {[%clk 00:14:35]  [%emt 00:00:06]} 13. Nd5 {
[%clk 00:13:08]  [%emt 00:00:23]} 13... Bxd5 {[%clk 00:14:13]  [%emt 00:00:21]}
14. exd5 {[%clk 00:13:08]} 14... Re8 {[%clk 00:13:52]  [%emt 00:00:28]} 15. c3
{[%clk 00:12:52]  [%emt 00:00:08]} 15... Nc4 {[%clk 00:13:15]  [%emt 00:00:40]}
16. Bxc4 {[%clk 00:12:48]  [%emt 00:00:27]} 16... Rxc4 {[%clk 00:13:15]} 17.
Qd3 {[%clk 00:11:30]  [%emt 00:01:01]} 17... Rc7 {
[%clk 00:13:01]  [%emt 00:00:18]} 18. Bxf6 {[%clk 00:11:15]  [%emt 00:00:39]}
18... Bxf6 {[%clk 00:13:00]  [%emt 00:00:04]} 19. Re4 {
[%clk 00:10:57]  [%emt 00:00:04]} 19... Qd7 {[%clk 00:12:49]  [%emt 00:00:12]}
20. Rae1 {[%clk 00:10:43]  [%emt 00:00:09]} 20... Qf5 {
[%clk 00:12:34]  [%emt 00:00:15]} 21. R1e3 {[%clk 00:09:57]  [%emt 00:01:00]}
21... Rec8 {[%clk 00:11:59]  [%emt 00:00:27]} 22. Rf3 {
[%clk 00:09:25]  [%emt 00:00:34]} 22... Qd7 {[%clk 00:11:53]  [%emt 00:00:11]}
23. Nd2 {[%clk 00:07:53]  [%emt 00:02:01]} 23... Kg7 {[%clk 00:11:47]} 24. Rh3
{[%clk 00:06:49]  [%emt 00:00:46]} 24... Qf5 {[%clk 00:10:46]  [%emt 00:01:08]}
25. Rf3 {[%clk 00:04:34]  [%emt 00:02:08]} 25... Qh5 {
[%clk 00:10:09]  [%emt 00:00:38]} 26. Nf1 {[%clk 00:03:44]  [%emt 00:00:53]}
26... Rc5 {[%clk 00:09:52]  [%emt 00:00:39]} 27. Ne3 {[%clk 00:03:31]} 27...
Be5 {[%clk 00:09:11]  [%emt 00:00:38]} 28. Rh3 {
[%clk 00:03:15]  [%emt 00:00:17]} 28... Qg5 {[%clk 00:09:09]  [%emt 00:00:35]}
29. Rg4 {[%clk 00:02:38]  [%emt 00:00:22]} 29... Qf6 {
[%clk 00:08:47]  [%emt 00:00:24]} 30. f4 {[%clk 00:02:10]  [%emt 00:00:15]}
30... Bxc3 {[%clk 00:08:22]  [%emt 00:00:30]} 31. bxc3 {
[%clk 00:01:43]  [%emt 00:00:50]} 31... Rxc3 {[%clk 00:08:22]} 32. Qd4 {
[%clk 00:01:01]  [%emt 00:00:45]} 32... Rc1+ {[%clk 00:07:52]  [%emt 00:00:09]}
33. Kf2 {[%clk 00:01:02]  [%emt 00:00:10]} 33... Qxd4 {[%emt 00:00:15]} 0-1